00715 2200253 4500001002100000005001500021035002000036007000300056008004100059020002200100082001000122084001600132100002200148245009300170250001000263260003800273300003100311650002500342700001300367700001500380504004400395990001100439990001100450INLIS00000000000436520191031113637 a0010-1019000217ta191031 g 0 ind  a978-979-002-766-4 a631.8 a631.8 HER p0 aHERU, Prihmantoro1 aPetunjuk praktis memupuk tanaman sayur /cHeru Prihmantoro, Indriani; editor, F. Burhadi acet.1 aJakarta :bPenebar swadaya,c2017 a82 hlm. :bilus. ;c23 cm. 4aPERTANIAN. PEMUPUKAN0 aINDRIANI0 aF, Burhadi aGlosarium: hlm.80 ; Bibliografi: hlm.81 a7019 a a7019 b